Statistics for Countries that Beat Bosnia and Herzegovina

Click here to take the quiz!

General Stats

  • This quiz has been taken 117 times
  • The average score is 10 of 15

Answer Stats

RankCategoryCountries% Correct
4Shares the longest border with SerbiaRomania | Kosovo | Bulgaria
91%
9Tallest people [3]Netherlands | Latvia | Estonia | Denmark |
Czech Republic | Serbia | Belgium | Slovakia
86%
3Highest % of Muslims in Europe [2]Kosovo | Albania
84%
4Least populous non-island country
starting with B
Belize | Bhutan | Botswana
80%
8Least economically free
European country [5]
Belarus | Ukraine | Russia | Montenegro |
Kosovo | Moldova | Greece
77%
3Highest % of households with firearms [4]United States | Finland
77%
5Longest country name
* in the "Countries of the World Quiz"
St. Vincent and the Grenadines | D.R. Congo |
F. S. of Micronesia | Central African Republic
73%
4Lowest fertility birth rate [1]Taiwan | South Korea | Singapore | Italy | Spain | Mauritius
73%
2Whose capital was the first to host
the Winter Olympics
Norway
60%
4Shortest coastline per-km2D.R. Congo | Iraq | Jordan
51%
6Smallest country that is a federationSaint Kitts and Nevis | F. S. of Micronesia |
Comoros | Belgium | Switzerland
49%
2Shortest coastline (among them with it)
Monaco
46%
4Site of the deadliest genocide since 1991D.R. Congo | Sudan | Myanmar
42%
9Most recent country to win the Oscar
Best International Film for the first time
South Korea | Mexico | Chile | Poland | Austria |
Iran | South Africa | Canada
42%
7Most recent to recognize Israel
(de jure)
Bhutan | Bahrain | United Arab Emirates |
South Sudan | Montenegro | East Timor
34%

Score Distribution

Percentile by Number Answered

Percent of People with Each Score

Your Score History

You have not taken this quiz